000 01012nam a2200241Ia 4500
003 Ost
005 20260507075400.0
008 260507s9999||||xx |||||||||||||| ||und||
040 _cfsecg
041 _aara
082 _a330
100 _aالشافعي، محمد أحمد
_eمؤلف
245 0 _aالمفاهيم الأساسية :
_bالتأجير التمويلي /
_c محمد أحمد الشافعي
260 _aعمان:
_bدار المجد,
_c2015
300 _a186 صفحة؛
_bإيضاحات ؛
_c24 سم
504 _aالمراجع ص.178
520 _aتطرق الى التأجير التمويلي من منظور اسلامي ، ماهية التأجير التمويلي، التعليمات الصادرة استنادا الى قانون التأجير التمويلي رقم45 سنة2008
653 _aالتأجير
653 _aالتمويل
653 _aالعقود
700 _aقاسم، حمدي اسراء وعد الله
_eمؤلف ثانوي
942 _cكتاب
999 _c44270
_d44270